Downturn in the sector looks set to worsen (Record no. 110289)
[ view plain ]
| 000 -LEADER | |
|---|---|
| fixed length control field | 01049cad a22002055a 4500 |
| 001 - CONTROL NUMBER | |
| control field | L148939 |
| 008 - FIXED-LENGTH DATA ELEMENTS--GENERAL INFORMATION | |
| fixed length control field | 091202e20091118xxk f 001 0 eng d |
| 035 ## - SYSTEM CONTROL NUMBER | |
| System control number | (Sirsi) u148939 |
| 041 0# - LANGUAGE CODE | |
| Language code of text/sound track or separate title | eng |
| 110 2# - MAIN ENTRY--CORPORATE NAME | |
| Corporate name or jurisdiction name as entry element | Civil Engineering Contractors Association |
| 9 (RLIN) | 3765 |
| 245 00 - TITLE STATEMENT | |
| Title | Downturn in the sector looks set to worsen |
| Medium | [electronic resource] |
| 260 ## - PUBLICATION, DISTRIBUTION, ETC. | |
| Date of publication, distribution, etc. | 2009 |
| 490 #0 - SERIES STATEMENT | |
| Series statement | CECA Press Release |
| Volume/sequential designation | 18 November 2009 |
| 520 ## - SUMMARY, ETC. | |
| Summary, etc. | Presents the October 2009 CECA Workload Trends Survey results. The Civil Engineering Contractors Association (CECA) reports that firms expect difficult conditions in the construction sector to worsen. Confidence decreased as half of all firms fear to experience even less work this time next year and only 9% of firms hope to see their workload increase. |
| 590 ## - LOCAL NOTE (RLIN) | |
| Local note | KA NTK |
| 651 #4 - SUBJECT ADDED ENTRY--GEOGRAPHIC NAME | |
| Geographic name | England and Wales |
| Chronological subdivision | 1543- |
| 690 ## - LOCAL SUBJECT ADDED ENTRY--TOPICAL TERM (OCLC, RLIN) | |
| Topical term or geographic name as entry element | BUILT ENVIRONMENT-CONSTRUCTION MARKET |
| 856 40 - ELECTRONIC LOCATION AND ACCESS | |
| Uniform Resource Identifier | <a href="https://www.ceca.co.uk/NewsDetail.aspx?NewsID=255&NewsTypeID=3">https://www.ceca.co.uk/NewsDetail.aspx?NewsID=255&NewsTypeID=3</a> |
| Public note | View the press release free of charge at www.ceca.co.uk... |
| 942 ## - ADDED ENTRY ELEMENTS (KOHA) | |
| Suppress in OPAC | 0 |
| Withdrawn status | Lost status | Source of classification or shelving scheme | Damaged status | Not for loan | Home library | Current library | Shelving location | Date acquired | Total Checkouts | Full call number | Barcode | Date last seen | Copy number | Price effective from | Koha item type |
|---|---|---|---|---|---|---|---|---|---|---|---|---|---|---|---|
| Dewey Decimal Classification | Virtual | Virtual | Online | 02/12/2009 | ONLINE PUBLICATION | 148939-2001 | 06/08/2019 | 1 | 06/08/2019 | Journal article |